000 02029nam a2200565 i 4500
001 3713
003 KOSZ 005
005 20221021112037.0
008 221021s1988 pl a f 000 0 pol
015 _aPB 1988/6530
020 _a832133377X
035 _a991003167359705066
035 _a(PL-WaBN)b10853054-48omnis_nlop
035 _ab10853054
035 _a(OCoLC)69541825
035 _a(PL)b0000001085305
035 _a(EXLNZ-48OMNIS_NETWORK)9910004735505606
040 _aWA N
_cWA N
_dKOSZ 005/RW
046 _k1988
080 _a624.15
080 _a624.13/.14
080 _a(075.8)
100 1 _aMotak, Edward
_eAutor
245 1 0 _aFundamenty bezpośrednie :
_bwzory, tablice, przykłady /
_cEdward Motak ; [recenzent mgr inż. Kazimierz Dobrowolski].
250 _aWydanie I.
260 _aWarszawa :
_b"Arkady",
_c1988.
300 _a438 stron :
_bilustracje, wykresy ;
_c25 cm.
336 _aTekst
_btxt
_2rdacontent
337 _aBez urządzenia pośredniczącego
_bn
_2rdamedia
338 _aWolumin
_bnc
_2rdacarrier
380 _aKsiążki
380 _aPublikacje fachowe
380 _aPublikacje dydaktyczne
385 _mPoziom nauczania
_aSzkoły wyższe
388 1 _a1901-2000
388 1 _a1945-1989
504 _aBibliografia na stronach 431-[435].
521 8 _aKsiążka przeznaczona jest dla inżynierów i techników zajmujących się problematyką geotechniczną, może być też przydatna dla studentów wydziałów budowlanych wyższych uczelni technicznych.
650 7 _aFundamenty
_2DBN
650 7 _aProjekty
650 7 _aMechanika gruntów
_2DBN
650 7 _aBudownictwo
655 7 _aPodręczniki akademickie
658 _aArchitektura i budownictwo
700 1 _aDobrowolski, Kazimierz
_eRecenzja
710 2 _aWydawnictwo Arkady
_4pbl
856 _uhttp://koha.tu.koszalin.pl/cgi-bin/koha/opac-detail.pl?biblionumber=3713
_yKatalog online BPK
942 _2UKD
_cKS
999 _c3713
_d3713